| 000 | 00688 a2200205 4500 | ||
|---|---|---|---|
| 003 | Nust | ||
| 005 | 20170207154046.0 | ||
| 010 | _a 00049607 | ||
| 020 | _a0201725886 | ||
| 040 | _cNust | ||
| 082 | 0 | 0 | _a005.133 |
| 245 | 0 | 0 |
_aJava look and feel design guidelines (E-BOOK) _cSun Microsystems, Inc. |
| 250 | _a2nd ed., rev. and expanded | ||
| 260 |
_aBoston, MA : _bAddison-Wesley, _c2001. |
||
| 300 |
_axii, 398 p. : _bill. (some col.) ; _c24 cm. _e+1 computer laser otical disc (4 3/4 in.) |
||
| 505 | _aPart I: General Topics Part II: Special Topics | ||
| 650 | 0 | _aJava (Computer program language) | |
| 651 | _aJava look and feel design guidelines (E-BOOK) | ||
| 710 | 2 | _aSun Microsystems. | |
| 942 |
_2ddc _cBK |
||
| 999 |
_c192905 _d192905 |
||